Paediatrics: (Record no. 115373)

MARC details
000 -LEADER
fixed length control field 00614nam a2200217 4500
008 - FIXED-LENGTH DATA ELEMENTS--GENERAL INFORMATION
fixed length control field
020 ## - INTERNATIONAL STANDARD BOOK NUMBER
International Standard Book Number 0443071187(pbk. )
049 ## - LOCAL HOLDINGS (OCLC)
Holding library MAIN
090 ## - LOCALLY ASSIGNED LC-TYPE CALL NUMBER (OCLC); LOCAL CALL NUMBER (RLIN)
Classification number (OCLC) (R) ; Classification number, CALL (RLIN) (NR) RJ45 PAE
003 - CONTROL NUMBER IDENTIFIER
control field
005 - DATE AND TIME OF LATEST TRANSACTION
control field 20240814141736.0
040 ## - CATALOGING SOURCE
Transcribing agency NUST
245 10 - TITLE STATEMENT
Title Paediatrics:
Remainder of title an illustrated colour text/
Statement of responsibility, etc. edited by D.Field [et.al...]
260 ## - PUBLICATION, DISTRIBUTION, ETC.
Place of publication, distribution, etc. Edinburg :
Name of publisher, distributor, etc. Churchill Livingstone,
Date of publication, distribution, etc. 1997.
300 ## - PHYSICAL DESCRIPTION
Extent ix, 130p. :
Other physical details ill. ;
Dimensions 26 cm.
500 ## - GENERAL NOTE
General note Includes index.
650 #0 - SUBJECT ADDED ENTRY--TOPICAL TERM
Topical term or geographic name entry element Pediatrics.
700 ## - ADDED ENTRY--PERSONAL NAME
Personal name Field,d.
907 ## - LOCAL DATA ELEMENT G, LDG (RLIN)
a .b10262027
b 16-07-12
c 14-04-09
942 ## - ADDED ENTRY ELEMENTS (KOHA)
Koha item type Ordinary Loan Books
Call number prefix RJ45 PAE
Koha issues (borrowed), all copies 1
Holdings
Date last seen Total Checkouts Full call number Barcode Date last checked out Cost, replacement price Price effective from Koha item type Lost status Source of classification or shelving scheme Damaged status Not for loan Collection Withdrawn status Home library Current library Shelving location Date acquired Cost, normal purchase price
08/26/2024 13 RJ45 PAE 92004008919 08/14/2024 80.00 01/20/2023 BOOKS   LCC     NFIC   Medical Medical GEN 01/20/2023 80.00